000 00671nab a2200241 a 4500
001 71792
003 145893
005 20201118110951.0
008 ||||||n9999 ||| || ||
041 _aspa
100 _aMerino Huerta, Mauricio
245 0 _aLuis Donaldo Colosio Murrieta :
_bpp.179-190
260 _aMéxico :
_bColegio Nacional de Ciencias Políticas y Administración Pública,
_c1990.
300 _app.179-190
562 _e0
650 _aENTREVISTA
650 _aMÉXICO
650 _aMOVIMIENTOS SOCIALES
650 _aPROGRAMA DE PARTIDO
650 _aSISTEMAS POLÍTICOS
773 _070816
_aLa Revista del Colegio :
942 _cANADO
999 _c71792
_d71792